| 000 | 00738nam a22002057a 4500 | ||
|---|---|---|---|
| 999 |
_c170210 _d170210 |
||
| 005 | 20191212112424.0 | ||
| 010 | _aB-731134 | ||
| 020 |
_c750.00 _a9788178245447 |
||
| 035 | _aB-731134 | ||
| 037 | _bDBAD/PUB | ||
| 082 | _a954.08 | ||
| 100 | _aBhattacharya, Neeladri | ||
| 245 |
_aThe great agrarian conquest : _bthe colonial reshaping of a rural world/ _cby Neeladri Bhattacharya |
||
| 260 |
_aRanikhet _bPermanent Black _c2018 |
||
| 270 |
_a'Himalayana', Mall Road,667,Ranikhet Cantt, _bRanikhet _e263645 |
||
| 300 |
_axv,522p. ; _c22cm (pbk) |
||
| 500 | _aincludes bibliographical references and index | ||
| 942 |
_2ddc _cEN _mBHA _h954.08 |
||